000 00683nam a2200277Ia 4500
005 20260324134808.0
008 008 260324s9999 xx 000 0 eng d
020 _a9781003077527
037 _aEBOOK
040 _aCRL
040 _beng
040 _cCRL
041 _2eng
041 _aeng
084 _qCRL
100 _aC. Detournay; D. Billaux; X. Rachez; R. Hart
_91198181
245 0 _aFLAC and Numerical Modeling in Geomechanics - 2001
260 _bTaylor and Francis
260 _c2001
365 _a
365 _b560
856 _uhttp://www.taylorfrancis.com/books/9781003077527
942 _cEBOOK
999 _c1798613
_d1798613